LEADER 01236cam2 2200253 450 001 E600200050456 005 20240717103438.0 100 $a20090619d1797 |||||ita|0103 ba 101 $aita 102 $aIT 200 1 $a<>Contenente le giunte, e correzioni fatte dallo stesso autore, coll'aggiunta delle notizie riguardanti la di lui vita e dell'Elogio recitato nell'Arcadia 210 $aRoma$cper Luigi Perego Salvioni Stampator Vaticano alla Piazza di S. Ignazio$d1797 215 $a64, 440 p. 461 1$1001E600200050410$12001 $aStoria della letteratura italiana del cavaliere abate Girolamo Tiraboschi ... Tomo 1. [-10.]$v10 700 1$aTiraboschi$b, Girolamo$3A600200055464$4070$0181075 801 0$aIT$bUNISOB$c20240717$gRICA 850 $aUNISOB 852 $aUNISOB$j090$m23140 912 $aE600200050456 940 $aM 103 Monografia antica SBN 941 $aM 957 $a090$b000083$i-10$gCON$d23140$racquisto$1beth$2UNISOB$3UNISOB$420090619090303.0$520240717103438.0$6menle$fConsultabile previa autorizzazione 996 $aContenente le giunte, e correzioni fatte dallo stesso autore, coll'aggiunta delle notizie riguardanti la di lui vita e dell'Elogio recitato nell'Arcadia$94173630 997 $aUNISOB